000 00652nam a2200217Ia 4500
003 BUBTL
008 151213s9999 xx 000 0 und d
020 _a8121907136
082 _a342.029/ K1431s/ 1996
100 _aKapur, Anup Chand
_94320
245 _aSelect Constitutions : (u.k., u.s.a., france, switzerland, japan, china, and india) /
_cAnup. Chand. Kapur
250 _a13th
260 _aNew Delhi
_bS.Chand and Co. Ltd.
_cc1996
300 _a293p. :
_b24cm
500 _aIncludes Index
650 _aLaw
700 _aKapur, Anup Chand
_94320
856 _k0
_l0
_yDownload
942 _2ddc
_cBK
999 _c3679
_d3679